000 01710nam a22004097a 4500
003 OSt
005 20260601171020.0
008 260520b2019\\\\mx\a||||\||||\00|\0\spa\d
020 _a9786079489489
040 _aICI
_bspa
_cICI
_erda
050 _aHT155
_bD65
100 _eautor
245 _aDonde termina la ciudad /
_cAlejandro Hernández Gálvez, Alfonso Fierro, Angelos Varvarousis, Christian Mendoza, Daniel Daou, Jazmina Barrera, Liam Young, Luz América Viveros Anaya, Marina Otero, Matthew Vitz, Penny Koutrolikou, Regina Hernández Franyuti, Ross Exo Adams, Sandra Olguín ; edición y traducción al español, Alejandro Hernández Gálvez
250 _aPrimera edición
264 _aCiudad de México :
_bArquine,
_c2019
300 _a103 páginas :
_bilustraciones
336 _2rdacontent
_atexto
337 _2rdamedia
_asin medio
338 _2rdacarrier
_avolumen
490 0 _aMextrópoli ;
_v14
650 _aCiudades y pueblos
_922758
700 1 _aHernández Gálvez, Alejandro,
_eautor,
_eeditor,
_etraductor
700 1 _aFierro, Alfonso,
_eautor
_934520
700 1 _aVarvarousis, Angelos,
_eautor
_934521
700 1 _aMendoza, Christian,
_eautor
_934522
700 1 _aDaou, Daniel,
_eautor
_934523
700 1 _aBarrera Velázquez, Jazmina,
_d1988- ,
_eautor
_934524
700 1 _aYoung, Liam,
_eautor
_934525
700 1 _aViveros Anaya, Luz América,
_eautor
_934526
700 1 _aOtero, Marina,
_eautor
_934527
700 1 _aVitz, Matthew,
_d1979- ,
_eautor
_934528
700 1 _aKoutrolikou, Penny,
_eautor
_934529
700 1 _aHernández, Regina,
_eautor
_934530
700 1 _aAdams, Ross Exo,
_eautor
_934531
700 1 _aOlguín, Sandra,
_eautor
_934532
942 _2lcc
_cB
_n1
999 _c20848
_d20848